Çok Güzel Hareketler Bunlar 2 Actors - Statistics

General Stats
  • This quiz has been taken 5 times
  • The average score is 13 of 20
Answer Stats
Picture Answer % Correct
Evliya Aykan
100%
Arif Güloğlu
75%
Atakan Çelik
75%
Ayşegül Yılmaz
75%
Cemile Canyurt Kaya
75%
Cenan Adıgüzel
75%
Ezgi Özyürekoğlu Saka
75%
Fatih Öztürk
75%
Hamza Yazıcı
75%
Ömer Faruk Çavuş
75%
Safa Sarı
75%
Tuğba Yılmaz
75%
Birsel Kılınçcı
50%
Ebru Yücel
50%
Emre Aslan
50%
Engin Demircioğlu
50%
Gürhan Altundaşar
50%
Hacı Ahmet Ak
50%
Hilmi Deler
50%
Yeşim Dursun
50%
No matching quizzes found
Score Distribution
Percent of People with Each Score
Percentile by Number Answered
Your Score History
You have not taken this quiz